Proč jste si ho koupili? Aby vydělával!
Zo špičkových manažérov sa stal tovar, veľmi drahý a luxusný. Preto sa od nich očakáva vyššia pridaná hodnota. Manažéri zvonku, manažéri povýšení interne - na aké kľúčové oblasti by mali dbať.
Gespeichert in:
| 1. Verfasser: | |
|---|---|
| Weitere Verfasser: | |
| Format: | Buchkapitel |
| Sprache: | Tschechisch |
| Schlagworte: | |
| Tags: |
Keine Tags, Fügen Sie das erste Tag hinzu!
|
MARC
| LEADER | 00000naa a2200000 4500 | ||
|---|---|---|---|
| 001 | 0226148 | ||
| 005 | 20231113135216.7 | ||
| 041 | 0 | |a cze | |
| 044 | |a CZ | ||
| 245 | 1 | 0 | |a Proč jste si ho koupili? Aby vydělával! |c Lucie Teisler, Anderson Willinger |
| 520 | |a Zo špičkových manažérov sa stal tovar, veľmi drahý a luxusný. Preto sa od nich očakáva vyššia pridaná hodnota. Manažéri zvonku, manažéri povýšení interne - na aké kľúčové oblasti by mali dbať. | ||
| 610 | 2 | 0 | |a manažéri |
| 610 | 2 | 0 | |a príprava na povolanie |
| 610 | 2 | 0 | |a náročnosť profesionálna |
| 100 | 1 | |a Teisler, Lucie | |
| 700 | 1 | |a Willinger, Anderson | |